| 000 | 00638nam a22001937a 4500 | ||
|---|---|---|---|
| 999 |
_c175676 _d175676 |
||
| 005 | 20200914153105.0 | ||
| 010 | _aENG-128435 | ||
| 020 |
_c250.00 _a9789389604832 |
||
| 035 | _aEN-111967 | ||
| 037 | _bDBAD/PUB | ||
| 082 | _a658.4092 | ||
| 100 | _aPhilip, Vasanthan | ||
| 245 |
_aTilt the Iceberg: _bModern Leadership Success Strategies Revealed/ _cby Vasanthan Philip |
||
| 260 |
_aChennai _bBUUKS _c2019 |
||
| 270 |
_aJVL Plaza, 4th Floor, 501, Anna Salai Teynampet, _bChennai _e600 018 _k044-4992727 _mhello@buuks.com |
||
| 300 |
_a218p. _c21cm(pbk) |
||
| 500 | _aIncludes Notes | ||
| 942 |
_2ddc _cEN _h658.4092 _mPHI |
||